| 000 | 00418nam a2200133Ia 4500 | ||
|---|---|---|---|
| 008 | 231129s9999||||xx |||||||||||||| ||spa|| | ||
| 020 | _a84-270-0406-0 | ||
| 040 | _bspa | ||
| 082 | _a985.0006 H767ch | ||
| 100 | _aHomet Marcel | ||
| 245 | 0 | _aChan Chan la misteriosa: Una prestigiosa civilización preincaica desconocida | |
| 264 | _aEdiciones Martínez Roca | ||
| 942 |
_2ddc _cBKS |
||
| 999 |
_c6881 _d6881 |
||